Actor's With "G" in Their Name by Picture - Statistics

General Stats
  • This quiz has been taken 208 times
  • The average score is 9 of 15
Answer Stats
Picture Answer % Correct
Ryan Gosling
88%
Hugh Jackman
83%
Andrew Garfield
73%
Ronald Reagan
73%
Selena Gomez
73%
Margot Robbie
68%
George Lucas
62%
Ben Kingsley
60%
Gene Wilder
60%
Seth Rogen
60%
Jeff Bridges
58%
Peter Dinklage
46%
George Lopez
35%
Andy Griffith
30%
Alan Cumming
24%
No matching quizzes found
Score Distribution
Percent of People with Each Score
Percentile by Number Answered
Your Score History
You have not taken this quiz